MAASAI MARA UNIVERSITY

LIBRARY CATALOGUE

Contact Us: +254 020 2685356/7 or 0774 057787

Box: 861-20500, NAROK, KENYA

Email: info@mmarau.ac.ke

Growing temperate fruit trees in Kenya / (Record no. 31391)

MARC details
000 -LEADER
fixed length control field 00785cam a2200265 a 4500
001 - CONTROL NUMBER
control field 15270852
003 - CONTROL NUMBER IDENTIFIER
control field OSt
005 - DATE AND TIME OF LATEST TRANSACTION
control field 20190207113921.0
008 - FIXED-LENGTH DATA ELEMENTS--GENERAL INFORMATION
fixed length control field 080422s2007 ke ab b 000 0 eng
010 ## - LIBRARY OF CONGRESS CONTROL NUMBER
LC control number 2008349347
020 ## - INTERNATIONAL STANDARD BOOK NUMBER
International Standard Book Number 9789290592181
020 ## - INTERNATIONAL STANDARD BOOK NUMBER
International Standard Book Number 9290592184
040 ## - CATALOGING SOURCE
Original cataloging agency MMU
Transcribing agency MMU
Modifying agency MMU
Language of cataloging eng
042 ## - AUTHENTICATION CODE
Authentication code lcode
043 ## - GEOGRAPHIC AREA CODE
Geographic area code f-ke---
050 00 - LIBRARY OF CONGRESS CALL NUMBER
Classification number SB357
Item number .G85 2007
100 1# - MAIN ENTRY--PERSONAL NAME
Personal name Griesbach, Jürgen.
245 10 - TITLE STATEMENT
Title Growing temperate fruit trees in Kenya /
Statement of responsibility, etc. Jürgen Griesbach.
260 ## - PUBLICATION, DISTRIBUTION, ETC. (IMPRINT)
Place of publication, distribution, etc. Nairobi :
Name of publisher, distributor, etc. World Agroforestry Centre,
Date of publication, distribution, etc. c2007.
300 ## - PHYSICAL DESCRIPTION
Extent vi, 128 p. :
Other physical details ill. (chiefly col.), col. map ;
Dimensions 25 cm.
504 ## - BIBLIOGRAPHY, ETC. NOTE
Bibliography, etc Includes bibliographical references (p. 98).
650 #0 - SUBJECT ADDED ENTRY--TOPICAL TERM
Topical term or geographic name as entry element Fruit-culture
Geographic subdivision Kenya.
650 #0 - SUBJECT ADDED ENTRY--TOPICAL TERM
Topical term or geographic name as entry element Fruit trees
Geographic subdivision Kenya.
942 ## - ADDED ENTRY ELEMENTS (KOHA)
Source of classification or shelving scheme Library of Congress Classification
Koha item type L
Holdings
Withdrawn status Lost status Source of classification or shelving scheme Damaged status Not for loan Home library Current library Date acquired Source of acquisition Total Checkouts Full call number Barcode Date last seen Price effective from Koha item type
    Library of Congress Classification     Maasai Mara University Library -Main Campus Maasai Mara University Library -Main Campus 02/07/2019 Donation -ICRAF   SB357 .G85 2007 17037161 02/07/2019 02/07/2019 L
© 2016 Maasai Mara University.